000 00461ntaaa2200193 4500
003 01
005 20251027201722.0
008 0714s1973 ag 01
040 _aAR-BaBN
_bspa
_cAR-BaBN
_eaacr
_dRIC
082 _a234.1630 Au3s
100 _aAuer, Johann
245 _aSacramentos eucaristĂ­a
250 _a1 ed.
260 _aBarcelona :
_bHerder,
_c1975
300 _a365 p
650 _acatolicismo-teologĂ­a
_914304
650 _aeucaristia
942 _cBK
999 _c11859
_d11859